• 首页
  • 本馆介绍
  • 公告通知
  • 最新文献
  • 馆藏检索
  • 电子资源
  • 读者导购
  • 参考咨询
  • 我的图书馆
  • 登录
  • 详细信息显示
  • 放入我的书架
  • 预约/预借图书
  • 作者相关作品
  • 分类相关作品
  • 丛书相关作品
  • 出版社相关作品

书目信息

  • 表格格式
  • 工作单格式
  • 卡片格式
题名:
太阳能及其利用
    
 
作者: 冷长庚 编
分册:  
出版信息: 北京   科学出版社  1975
页数: 132页
开本: 19cm
丛书名:
单 册:
中图分类: TK519
科图分类:
主题词: 太阳能--技术
电子资源:
ISBN:
000 00584nam0 2200217 45
001 0179005591
005 20070803094726.67
010    @dCNY0.32
091    @a13031.372
100    @a19950731d1975 em y0chiy0121 ea
101 0  @achi
102    @aCN@b110000
105    @ay z 000yy
200 10 @a太阳能及其利用@Atai yang neng ji qi li yong@f冷长庚编@Fleng chang geng bian
210    @a北京@c科学出版社@d1975
215    @a132页@d19cm
606 0  @a太阳能@x技术
690    @aTK519@v3
701  0 @a冷长庚@Aleng chang geng@4编
801  0 @aCN@bTSSF@c20070803
905    @a10447@dTK519@e88
    
    太阳能及其利用/冷长庚编.-北京:科学出版社,1975
    132页;19cm
    
    
    ISBN :CNY0.32
    
●
相关链接 在E读中查询图书 在五车中查询图书 在当当中查询图书 在豆瓣中查询图书


正题名:太阳能及其利用     索取号:TK519/88         预约/预借

序号 登录号 条形码 馆藏地/架位号 状态 备注
1 0790220   207902206   密集书库/ [索取号:TK519/88] 在馆    
2 0790222   207902224   密集书库/ [索取号:TK519/88] 在馆    
唐山师范学院图书馆 欢迎您!
大连网信软件有限公司© 版权所有